000 00469nam a22001697a 4500
003 OSt
008 260429b |||||||| |||| 00| 0 eng d
082 _a634.6
_bM30Y
100 _aKumar, Manoj
245 _aYield and Fruit Quality of Litchi (Litchi Chinensis Sonn.) under Organic and Inorganic Farming Systems
260 _aPusa, Samastipur
_bRAU
_c2007
300 _a42P.
502 _bMsc.
_d2007
650 _aPomology
650 _aHorticulture
942 _cT
_2ddc
999 _c50257
_d50257